| 000 | 00620nam a22002057a 4500 | ||
|---|---|---|---|
| 003 | OSt | ||
| 005 | 20140310182753.0 | ||
| 008 | 130202t xxu||||| |||| 00| 0 eng d | ||
| 020 | _a0534379990 (alk. paper) | ||
| 050 |
_aQA 372 _b.Z69 2001 |
||
| 082 |
_bM 515.35 _aZ3 2000 |
||
| 245 |
_aA First course in differential equations with modeling applications / _cZill, Dennis G. |
||
| 260 |
_aPacific Grove, CA : _bBrooks/Cole Thomson Learning, _c2001. |
||
| 300 |
_axv, 438 p. _c27 cm _bill. ; |
||
| 521 | _acollege students | ||
| 526 | _c1210L-1700L | ||
| 541 | _j1 | ||
| 562 | _e1 | ||
| 942 |
_2lcc _cBK _kM |
||
| 999 |
_c15786 _d15786 |
||